Một số vấn đề bảo vệ môi trường với phát triển kinh tế ở nước ta hiện nay

Môi trường và bảo vệ môi trường trong quá trình phát triển kinh tế nước ta. Thực trạng môi trường ở nước ta trong quá trình phát triển kinh tế. Các giải pháp bảo vệ môi trường trong quá trình phát triển kinh tế ở nước ta hiện nay....

Descrición completa

Gardado en:
Detalles Bibliográficos
Autor Principal: Nguyễn, Văn Ngừng
Formato: Libro
Idioma:Undetermined
Publicado: Hà Nội Chính trị Quốc gia 2004
Những chủ đề:
Các nhãn: Engadir etiqueta
Sen Etiquetas, Sexa o primeiro en etiquetar este rexistro!
Thư viện lưu trữ: Trung tâm Học liệu Trường Đại học Cần Thơ
LEADER 01021nam a2200205Ia 4500
001 CTU_141540
008 210402s9999 xx 000 0 und d
020 |c 15500 
082 |a 363.7 
082 |b Ng556 
100 |a Nguyễn, Văn Ngừng 
245 0 |a Một số vấn đề bảo vệ môi trường với phát triển kinh tế ở nước ta hiện nay 
245 0 |c Nguyễn Văn Ngừng 
260 |a Hà Nội 
260 |b Chính trị Quốc gia 
260 |c 2004 
520 |a Môi trường và bảo vệ môi trường trong quá trình phát triển kinh tế nước ta. Thực trạng môi trường ở nước ta trong quá trình phát triển kinh tế. Các giải pháp bảo vệ môi trường trong quá trình phát triển kinh tế ở nước ta hiện nay. 
650 |a Environmental protection 
904 |i Trúc 
980 |a Trung tâm Học liệu Trường Đại học Cần Thơ